[Event "Mecklenburg VP-ch U25"]
[Site "Malchow"]
[Date "2014.02.03"]
[Round "5"]
[White "Beck, Jules"]
[Black "Sbach, Johann"]
[Result "1-0"]
[WhiteElo "918"]
[BlackElo "963"]
[PlyCount "85"]
[EventDate "2014.02.01"]
[EventType "swiss"]
[EventRounds "7"]
[EventCountry "GER"]
[SourceTitle "EXT 2017"]
[Source "ChessBase"]
[SourceDate "2016.10.25"]
[SourceVersion "1"]
[SourceVersionDate "2016.10.25"]
[SourceQuality "1"]

1. e4 e6 2. d4 d5 3. exd5 exd5 4. Bd3 Nc6 5. c3 Nf6 6. Ne2 Bg4 7. f3 Bh5 8. Bf4 Bd6 9. Bxd6 Qxd6 10. Nd2 0-0 11. 0-0 Rfe8 12. Re1 Re7 13. Qc2 Rae8 14. Rac1 a6 15. Qb1 b5 16. Ng3 g6 17. Ne2 Na5 18. b3 Qe6 19. Rcd1 Qe3+ 20. Kh1 Qe6 21. Kg1 Kg7 22. Kf1 g5 23. Ng3 Qd6 24. Kg1 Qf4 25. Bxh7 Rxe1+ 26. Rxe1 Rxe1+ 27. Qxe1 Kxh7 28. Nxh5 Nxh5 29. Qb1+ f5 30. Qe1 Nc6 31. Nf1 b4 32. Qe8 Qh4 33. Qd7+ Kh8 34. Qxc6 Nf4 35. cxb4 Qe1 36. Qf6+ Kh7 37. Qxf5+ Kh8 38. Qc8+ Kh7 39. Qxc7+ Kh6 40. Qd6+ Kh5 41. g4+ Kh4 42. Qh6+ Nh5 43. Qxh5# 1-0

[Event "Mecklenburg VP-ch U25"]
[Site "Malchow"]
[Date "2014.02.03"]
[Round "4"]
[White "Sbach, Johann"]
[Black "Schuett, Matthias"]
[Result "1-0"]
[WhiteElo "963"]
[BlackElo "1212"]
[PlyCount "65"]
[EventDate "2014.02.01"]
[EventType "swiss"]
[EventRounds "7"]
[EventCountry "GER"]
[SourceTitle "EXT 2017"]
[Source "ChessBase"]
[SourceDate "2016.10.25"]
[SourceVersion "1"]
[SourceVersionDate "2016.10.25"]
[SourceQuality "1"]

1. e4 e6 2. Nf3 d6 3. d4 Nd7 4. Nc3 Ne7 5. Bc4 Nb6 6. Qd3 Nxc4 7. Qxc4 d5 8. Qd3 Ng6 9. 0-0 Bb4 10. Qb5+ Qd7 11. Qxb4 dxe4 12. Nxe4 Qc6 13. Nc5 b6 14. Qa4 Bd7 15. Qxc6 Bxc6 16. Nd3 0-0-0 17. Nfe5 Bb7 18. Nxf7 Rxd4 19. Nxh8 Nh4 20. f3 Ba6 21. Be3 Rc4 22. Bf2 Nf5 23. Rab1 Rxc2 24. Nb4 Bxf1 25. Nxc2 Bd3 26. Rc1 Nd6 27. g3 Ne8 28. Nd4 Kd7 29. Nf7 c5 30. Ne5+ Ke7 31. Ndc6+ Kd6 32. Rd1 c4 33. Nb8 1-0

[Event "Mecklenburg VP-ch U12"]
[Site "Malchow"]
[Date "2011.02.14"]
[Round "1.6"]
[White "Sbach, Johann"]
[Black "Tsoumanis, Neoptolemos"]
[Result "0-1"]
[WhiteElo "839"]
[BlackElo "1134"]
[PlyCount "76"]
[EventDate "2011.02.14"]
[EventType "swiss"]
[EventRounds "7"]
[EventCountry "GER"]
[SourceTitle "EXT 2022"]
[Source "ChessBase"]
[SourceDate "2021.10.06"]
[SourceVersion "1"]
[SourceVersionDate "2021.10.06"]
[SourceQuality "1"]

1. e4 d5 2. Nc3 d4 3. Nd5 e6 4. Nb4 Bxb4 5. c3 dxc3 6. dxc3 Qxd1+ 7. Kxd1 Bc5 8. Nf3 Nf6 9. Bd3 Bxf2 10. e5 Nfd7 11. b3 Nc6 12. Rf1 Ncxe5 13. Nxe5 Nxe5 14. Bb5+ c6 15. Rxf2 cxb5 16. Bg5 Ng4 17. Rd2 f6 18. Bf4 e5 19. Bg3 Ne3+ 20. Ke2 f5 21. Bh4 Nxg2 22. Rd8+ Kf7 23. Rxh8 Nxh4 24. Rxh7 Ng6 25. Rg1 Be6 26. Kd2 Rd8+ 27. Kc2 f4 28. Rh3 Bxh3 29. c4 bxc4 30. bxc4 f3 31. Rg3 Kg8 32. Rxf3 e4 33. Re3 Rd3 34. Re2 Nf4 35. Rf2 Rf3 36. Rxf3 exf3 37. Kd2 f2 38. Ke3 f1Q 0-1

[Event "Mecklenburg VP-ch U12"]
[Site "Malchow"]
[Date "2010.02.??"]
[Round "4.8"]
[White "Sbach, Johann"]
[Black "Sbach, Lennart"]
[Result "1/2-1/2"]
[WhiteElo "831"]
[BlackElo "942"]
[PlyCount "61"]
[EventDate "2010.02.10"]
[EventType "swiss"]
[EventRounds "7"]
[EventCountry "GER"]
[SourceTitle "EXT 2022"]
[Source "ChessBase"]
[SourceDate "2021.10.06"]
[SourceVersion "1"]
[SourceVersionDate "2021.10.06"]
[SourceQuality "1"]

1. e4 e6 2. d4 d5 3. e5 c5 4. Nf3 Qb6 5. Be3 Qxb2 6. Nbd2 Qb6 7. dxc5 Bxc5 8. Bxc5 Qxc5 9. Nb3 Qe7 10. c4 Qd8 11. Be2 Nc6 12. 0-0 Nge7 13. Ng5 Nxe5 14. Qd4 f6 15. f4 0-0 16. Bg4 Nxg4 17. Nc5 fxg5 18. h3 Nf6 19. fxg5 Nd7 20. Rxf8+ Qxf8 21. Nxe6 Qf7 22. cxd5 Nb6 23. Rf1 Bxe6 24. Rxf7 Bxf7 25. Qe5 Bxd5 26. Qxe7 Rc8 27. Qe3 Bxa2 28. Qa3 Bc4 29. Qxa7 Nd5 30. Qd4 Rd8 31. h4 1/2-1/2